000 00549nam a2200229Ia 4500
003 OSt
005 20220916110930.0
006 a|||||r|||| 00| 0
007 ta
008 Pun
024 _a11,169
037 _cTextbook
040 _bPun
_aARTS
_cARTS
041 _aPun
082 _aO153,1N26,12, K4
100 _aਸੁਖਬੀਰ
245 0 _aਨੈਣ ਨਕF
260 _c1964
650 _aਪੰਜਾਬੀ ਸਾਹਿਤ
942 _hO153,1N26,12, K4
_cTB
_2CC
999 _c101680
_d101680